<?xml version="1.0" encoding="UTF-8"?>
<record
    xmlns:xsi="http://www.w3.org/2001/XMLSchema-instance"
    xsi:schemaLocation="http://www.loc.gov/MARC21/slim http://www.loc.gov/standards/marcxml/schema/MARC21slim.xsd"
    xmlns="http://www.loc.gov/MARC21/slim">

  <leader>01527nam1a2200349 i 4500</leader>
  <controlfield tag="001">RU\NLR\bibl\894589</controlfield>
  <controlfield tag="005">20260407124455.0</controlfield>
  <datafield tag="035" ind1=" " ind2=" ">
    <subfield code="a">(NLR Aleph) 000883064</subfield>
  </datafield>
  <datafield tag="090" ind1=" " ind2=" ">
    <subfield code="a">1671168</subfield>
    <subfield code="c">1671168</subfield>
  </datafield>
  <datafield tag="100" ind1=" " ind2=" ">
    <subfield code="a">20051227g20059999u  y0rusy50      ca</subfield>
  </datafield>
  <datafield tag="101" ind1="0" ind2=" ">
    <subfield code="a">rus</subfield>
  </datafield>
  <datafield tag="102" ind1=" " ind2=" ">
    <subfield code="a">RU</subfield>
  </datafield>
  <datafield tag="105" ind1=" " ind2=" ">
    <subfield code="a">||||z   |||||</subfield>
  </datafield>
  <datafield tag="200" ind1="1" ind2=" ">
    <subfield code="a">&#x41A;&#x430;&#x43B;&#x435;&#x43D;&#x434;&#x430;&#x440;&#x44C; &#x41F;&#x443;&#x448;&#x43A;&#x438;&#x43D;&#x438;&#x430;&#x43D;&#x44B;</subfield>
    <subfield code="f">&#x426;&#x435;&#x43D;&#x442;&#x440;&#x430;&#x43B;&#x438;&#x437;. &#x431;&#x438;&#x431;&#x43B;. &#x441;&#x438;&#x441;&#x442;&#x435;&#x43C;&#x430; &#x433;. &#x411;&#x435;&#x43B;&#x433;&#x43E;&#x440;&#x43E;&#x434;&#x430;, &#x41F;&#x443;&#x448;&#x43A;&#x438;&#x43D;. &#x431;&#x438;&#x431;&#x43B;.-&#x43C;&#x443;&#x437;&#x435;&#x439;, &#x411;&#x435;&#x43B;&#x433;&#x43E;&#x440;&#x43E;&#x434;. &#x444;&#x438;&#x43B;. &#x420;&#x43E;&#x441;. &#x444;&#x43E;&#x43D;&#x434;&#x430; &#x43A;&#x443;&#x43B;&#x44C;&#x442;&#x443;&#x440;&#x44B;</subfield>
    <subfield code="g">[&#x430;&#x432;&#x442;.-&#x441;&#x43E;&#x441;&#x442;.: &#x42E;. &#x421;. &#x410;&#x437;&#x430;&#x440;&#x43E;&#x432;&#x430; &#x438; &#x434;&#x440;.]</subfield>
  </datafield>
  <datafield tag="210" ind1=" " ind2=" ">
    <subfield code="a">&#x411;&#x435;&#x43B;&#x433;&#x43E;&#x440;&#x43E;&#x434;</subfield>
    <subfield code="c">&#x41A;&#x41E;&#x41D;&#x421;&#x422;&#x410;&#x41D;&#x422;&#x410;</subfield>
    <subfield code="d">2005</subfield>
  </datafield>
  <datafield tag="215" ind1=" " ind2=" ">
    <subfield code="d">21</subfield>
  </datafield>
  <datafield tag="463" ind1=" " ind2="0">
    <subfield code="1">001868147</subfield>
  </datafield>
  <datafield tag="463" ind1=" " ind2="0">
    <subfield code="1">001944398</subfield>
  </datafield>
  <datafield tag="600" ind1=" " ind2="1">
    <subfield code="a">&#x41F;&#x443;&#x448;&#x43A;&#x438;&#x43D;</subfield>
    <subfield code="b">&#x410;.&#x421;.</subfield>
    <subfield code="f">1799 - 1837</subfield>
    <subfield code="g">&#x410;&#x43B;&#x435;&#x43A;&#x441;&#x430;&#x43D;&#x434;&#x440; &#x421;&#x435;&#x440;&#x433;&#x435;&#x435;&#x432;&#x438;&#x447;</subfield>
    <subfield code="j">&#x41A;&#x430;&#x43B;&#x435;&#x43D;&#x434;&#x430;&#x440;&#x438;</subfield>
    <subfield code="9">1155086</subfield>
    <subfield code="3">RU\NLR\auth\66143362</subfield>
  </datafield>
  <datafield tag="600" ind1=" " ind2="1">
    <subfield code="a">&#x41F;&#x443;&#x448;&#x43A;&#x438;&#x43D;</subfield>
    <subfield code="b">&#x410;. &#x421;.</subfield>
    <subfield code="f">1799 - 1837</subfield>
    <subfield code="g">&#x410;&#x43B;&#x435;&#x43A;&#x441;&#x430;&#x43D;&#x434;&#x440; &#x421;&#x435;&#x440;&#x433;&#x435;&#x435;&#x432;&#x438;&#x447;</subfield>
    <subfield code="x">&#x411;&#x438;&#x43E;&#x433;&#x440;&#x430;&#x444;&#x438;&#x44F;</subfield>
    <subfield code="9">2086022</subfield>
    <subfield code="3">RU\NLR\auth\661262149</subfield>
  </datafield>
  <datafield tag="686" ind1=" " ind2=" ">
    <subfield code="a">&#x428;5(2=&#x420;)51-4&#x41F;&#x443;&#x448;&#x43A;&#x438;&#x43D;.&#x44F;25</subfield>
  </datafield>
  <datafield tag="686" ind1=" " ind2=" ">
    <subfield code="a">&#x428;5(2=&#x420;)51-4&#x41F;&#x443;&#x448;&#x43A;&#x438;&#x43D;25</subfield>
  </datafield>
  <datafield tag="702" ind1=" " ind2="1">
    <subfield code="a">&#x410;&#x437;&#x430;&#x440;&#x43E;&#x432;&#x430;</subfield>
    <subfield code="b">&#x42E;. &#x421;.</subfield>
    <subfield code="4">220</subfield>
  </datafield>
  <datafield tag="712" ind1="0" ind2="2">
    <subfield code="4">570</subfield>
    <subfield code="a">&#x41F;&#x443;&#x448;&#x43A;&#x438;&#x43D;&#x441;&#x43A;&#x430;&#x44F; &#x431;&#x438;&#x431;&#x43B;&#x438;&#x43E;&#x442;&#x435;&#x43A;&#x430;-&#x43C;&#x443;&#x437;&#x435;&#x439;</subfield>
    <subfield code="c">&#x411;&#x435;&#x43B;&#x433;&#x43E;&#x440;&#x43E;&#x434;</subfield>
    <subfield code="3">RU\NLR\AUTH\8810074144</subfield>
    <subfield code="9">650249</subfield>
  </datafield>
  <datafield tag="801" ind1=" " ind2="0">
    <subfield code="a">RU</subfield>
    <subfield code="b">NLR</subfield>
    <subfield code="c">20051227</subfield>
    <subfield code="g">rcr</subfield>
  </datafield>
  <datafield tag="801" ind1=" " ind2="1">
    <subfield code="a">RU</subfield>
    <subfield code="b">NLR</subfield>
    <subfield code="c">20051227</subfield>
  </datafield>
  <datafield tag="852" ind1=" " ind2=" ">
    <subfield code="a">NLR</subfield>
    <subfield code="j">2005-4/44784</subfield>
  </datafield>
  <datafield tag="942" ind1=" " ind2=" ">
    <subfield code="c">BOOK</subfield>
  </datafield>
</record>
